000 00523nam a22001932 4500
001 0000006180
005 20170406121310.0
008 160128s xx 000 0 eng d
020 _c$
040 _aYour Holding Symbol
_cYour Holding Symbol
100 1 _aNedoncelle Maurice.
245 1 0 _aIs there a christian philosophy?.
250 _a ed.
260 _aNew york :
_bHawthorn books,
_c1960.
300 _a152 p. ;
_c cm.
504 _abibliography.
650 0 _aphilosophy.
908 _a160128
999 _c5934
_d5934